001860000a220007300045001000018000002450044000183000037000627730013000991 aMiller, Randy10aIn Uganda : Orphaned, but not abandoned aNúm 47 (1995), Páginas 14-170 tTogether